000 01378nam a2200313 i 4500
003 EG-GICUC
005 20260121101544.0
008 251228s1994 ua ||||fr|||| 00| 0 ara d
017 _a9310585
020 _a9775394023
040 _a EG-GICUC
_bara
_c EG-GICUC
_d EG-GICUC
_erda
041 _aara
082 0 4 _221
_a343.6
_bس ل . أ
092 0 4 _221
099 _aLaw1 10 343.6 س ل . أ 1994
100 0 _aسليمان عبد المنعم سليمان
_eمؤلف.
245 1 0 _aأصول علم الإجرام القانوني :
_bإشكاليات تأصيل علم الإجرام - التحليل الوصفى لظاهرة الجريمة - التحليل التفسيري لعوامل الإجرام /
_cسليمان عبد المنعم سليمان.
264 1 _aالاسكندرية :
_bدار الجامعة الجديدة للنشر,
_c1994.
300 _a412 صفحة ؛
_c24 سم.
336 _2rda content
_atext
337 _2rda media
_aComputer
338 _2rda carrier
_aOnline Resource
504 _aيحتوي على ارجاعات ببليوجرافية
546 _aالنص أغلبه باللغة العربية مع بعض النصوص الإنجليزية
650 1 4 _aعلم الإجرام
_xالقانون الجنائي
856 4 0 _uhttps://fll.law.cu.edu.eg/fulltext/bks/B10-07338.pdf
905 _a75
942 _2ddc
_cBK
_e21
_n0
999 _c52905
_d52905